000 01043cam a22003497a 4500
003 CHAP
005 20220817041149.0
008 971013s1992 it r 00010 fre d
010 _a7716
011 _a8688
035 _a7918
040 _cCHAP
082 _a639.2
_bF3f v.315
110 _aFAO
245 1 3 _aLa peche du thon dans l'océan indien
_b: options en matiére d'amenagement
260 _aRome :
_bFAO,
_c1992
300 _a87 p.
410 _aFAO
490 0 _aDocumento técnico de pesca
_v; 315
590 _aBATCH-UPD
_b10
_c20130110
_lUCH01
_h1112
590 _aBATCH-UPD
_b10
_c20130410
_lUCH01
_h0703
590 _aBATCH-UPD
_b10
_c20130914
_lUCH01
_h0426
590 _aCONVERSION
_b10
_c20130109
_lUCH01
_h1305
650 1 4 _aAtún.
_98265
700 0 _aBurke, William T.
_916206
700 0 _aChristy, Francis T.
_922940
810 0 _aFAO
830 0 0 _aDocumento técnico de pesca
_v; 315
_933242
901 _aBK
942 _cLIBRO
949 _a639.2 F3f v.315
_bBC
_cFAO
_d33724002234545
_eFAO1
_gDonaciØn
_h84326
_i7918
_si
999 _c7716
_d7716